000 00397 a2200097 4500
020 _a9261042716
920 _a92-61-04271-6
245 0 _aCCIR Plenary Assembly Duesseldorf, 1990 :
_bRecommendations : Broadcasting-Satellite Service (Sound and Television) /
_c.
_nVol.10/11 Part2+Annex
710 2 _aInternational Telecommunication Union.
_eWydawca
_4pbl
260 _aGeneva :
_bITU,
_c1990.
300 _aXV, 34 s.+Annex;
_c30 cm.
999 _c10718
_d10718